Cities Former Names - Statistics

General Stats
  • This quiz has been taken 33 times
  • The average score is 11 of 20
Answer Stats
Former Name Answer % Correct
Peking Beijing
100%
Léopoldville Kinshasa
100%
Edo Tokyo
91%
New Amsterdam New York City
87%
Saigon Ho Chi Minh City
86%
Dnipropetrovsk Dnipro
79%
Dacca Dhaka
78%
Gaberones Gaborone
77%
Batavia Jakarta
77%
Christiania Oslo
75%
Pusan Busan
74%
Santa Fe de Bogotá Bogota
69%
Nanking Nanjing
68%
Alma-Ata Almaty
67%
Mont-Royal Montreal
67%
Rangoon Yangon
67%
Tananarive Antananarivo
63%
Brunei Town Bandar Seri Begawan
62%
Smyrna Izmir
59%
Pilsen Plzen
55%
Bangalore Bengaluru
53%
Chattogram Chittagong
53%
Breslau Wroclaw
50%
Titograd Podgorica
43%
Gorky Nizhny Novgorod
41%
Kwangchow Guangzhou
40%
Ragusa Dubrovnik
37%
Qurtuba Cordoba
25%
Lourenço Marques Maputo
23%
Pressburg Bratislava
21%
Fiume Rijeka
17%
Godthaab Nuuk
15%
Al-Quds Jerusalem
11%
Akmola Astana
8%
Baroda Vadodara
8%
Calicut Kozhikode
5%
Caesaraugusta Zaragoza
0%
No matching quizzes found
Score Distribution
Percent of People with Each Score
Percentile by Number Answered
Your Score History
You have not taken this quiz